000 00327nam a22001457a 4500
005 20160625152314.0
008 160625b xxu||||| |||| 00| 0 eng d
041 _aeng
082 _b10233
245 _aAudio visual Journalism
260 _bSurjeet
_c2005
300 _a358
650 _aMass Communication
_92660
942 _cBK
999 _c4057
_d4056